LIBRARY & INFORMATION CENTRE, KCAET, TAVANUR

ONLINE PUBLIC ACCESS CATALOGUE (OPAC)

Development and Testing of Arduino Based Profilemeter (Record no. 14898)

MARC details
000 -LEADER
fixed length control field 00633nam a22001817a 4500
003 - CONTROL NUMBER IDENTIFIER
control field OSt
088 ## - REPORT NUMBER
Report number P 368
100 ## - MAIN ENTRY--AUTHOR NAME
Personal name AMRUTHA K
-- ANJANA S.R
-- RINJU LUKOSE
245 ## - TITLE STATEMENT
Title Development and Testing of Arduino Based Profilemeter
260 ## - PUBLICATION, DISTRIBUTION, ETC. (IMPRINT)
Place of publication Tavanu 2017
Name of publisher Department of Farm Power Machinery and Energy
300 ## - PHYSICAL DESCRIPTION
Number of Pages 100
500 ## - GENERAL NOTE
General note Development and Testing of Arduino Based Profilemeter
520 ## - SUMMARY, ETC.
Summary, etc Development and Testing of Arduino Based Profilemeter
700 ## - ADDED ENTRY--PERSONAL NAME
Personal name Er. Shivaji K.P (Guide)
856 ## - ELECTRONIC LOCATION AND ACCESS
Uniform Resource Identifier https://drive.google.com/open?id=1B83qsGCt99fb0q42zW53q3kvE8WiCKqV
942 ## - ADDED ENTRY ELEMENTS (KOHA)
Koha item type Project Report
Holdings
Collection code Home library Current library Shelving location Full call number Accession Number Koha item type
Reference KAUAET KAUAET Reference 631.3 AMR/DE P 368 Project Report
free website counter